| 000 | 01007nam a2200301 i 4500 | ||
|---|---|---|---|
| 001 | bg | ||
| 100 | 1 | _aMerzenich, Margret. | |
| 245 | 1 | 0 |
_aChleb z własnego pieca / _cMargret Merzenich, Erika Thier ; tł. z jęz. niem. Krystyna Mazur. |
| 246 | 1 |
_iTyt. oryg.: _aBrot backen |
|
| 260 |
_aWarszawa : _bMultico Oficyna Wydawnicza, _c2008. |
||
| 300 |
_a126 s. : _bil. (w tym kolor.) ; _c22 cm. |
||
| 490 | 1 | _aTradycyjny Smak | |
| 500 | _aTyt. oryg.: "Brot backen : traditionelles aus dem Holzbackofen" 2007. | ||
| 650 | 9 | _aPieczywo | |
| 655 | _aWydawnictwa popularne | ||
| 700 | 1 | _aThier, Erika. | |
| 700 | 1 |
_aMazur, Krystyna. _dTł. |
|
| 830 | 0 | _aTradycyjny Smak - Multico Oficyna Wydawnicza | |
| 020 | _a9788370736316 | ||
| 040 | _cBPK | ||
| 041 | 1 |
_apol _hger |
|
| 044 | _aPOL | ||
| 080 | _a641.55/.56(083.12) | ||
| 920 | _a978-83-7073-631-6 | ||
| 942 | _cKS | ||
| 008 | s pl f |000 0 pol | ||
| 999 |
_c55951 _d55951 |
||
| 856 |
_uhttp://koha.tu.koszalin.pl/cgi-bin/koha/opac-detail.pl?biblionumber=55951 _yKatalog online BPK |
||